Historia de la Iglesia /

Gespeichert in:
Bibliographische Detailangaben
1. Verfasser: Hertling, Ludwig (autor)
Format: Buch
Sprache:Spanisch
Veröffentlicht: Barcelona, España : Herder, 1968
Schlagworte:
Tags: Tag hinzufügen
Keine Tags, Fügen Sie das erste Tag hinzu!

MARC

LEADER 00000nam^a2200000^a^4500
001 000006425
005 20250521000000.0
009 20260310083423.845
037 |a Acervo ITESO - Biblioteca 
041 |a ESP 
082 |a 270.  |b HER 
100 |a Hertling, Ludwig  |e (autor) 
245 1 0 |a Historia de la Iglesia /  |c L. Hertling. 
264 1 |a Barcelona, España :  |b Herder,  |c 1968 
300 |a 538 p. 
336 |a texto  |b txt  |2 rdacontenido 
337 |a sin mediación  |b n  |2 rdamedio 
338 |a volumen  |b nc  |2 rdasoporte 
649 |a XX 
650 |a Iglesia Católica -  |x Historia 
910 |a Fondo General 
920 |a Impresos - Libros 
930 |a Colección General 
905 |a 101 
901 |a 0064250200  |b IT1  |c ACC  |i 901007  |u 20250521 
902 |a https://opac.biblio.iteso.mx/vufind/Record/000006425